000 00365nam a2200145Ia 4500
005 20251222141942.0
008 251222s9999||||xx |||||||||||||| ||spa||
020 _a8489644802
082 _a362.708.3/D96
100 _aDulce Bandeira de Ataide, Yara
245 0 _aDescúbreme o te Devoro:
250 _a1ra.ed
264 _bEdiciones Flor del Viento
942 _cLIB
999 _c9403
_d9403